عرض عادي
عرض مارك
- Bauer, Larry A.,
مدخل إسم شخص
001 - رقم الضبط
- حقل الضبط: 56102
003 - معرف رقم الضبط
- حقل الضبط: OSt
005 - تاريخ ووقت أخر عملية
- حقل الضبط: 20160724095153.0
008 - عناصر بيانات ثابتة الطول
- حقل تحكم ثابت الطول: 160724|| aca||aabn | a|a d
040 ## - مصدر الفهرسة
- هيئة الفهرسة الأصلية: OSt
- وكالة الكتابة: OSt
100 ## - مدخل -- أسم شخص
- إسم شخص: Bauer, Larry A.,
- مصطلح الرابط: author
670 ## - بيانات المصدر موجوده
- الاستشهاد بالمصدر: Work cat.: (OSt)0: Bauer, Larry A., author, Applied clinical pharmacokinetics /
